Responses for Show #8673 - Wednesday, June 29, 2022

Contestants

[<< previous game]

Halley Ryherd, a real estate attorney from Waukee, Iowa

Lauryl Tucker, an associate professor from Murfreesboro, Tennessee

Pete Chattrabhuti, an attorney from Washington, D.C. (whose 1-day cash winnings total $10,800)

[next game >>]

Jeopardy! Round responses

STATUARY HALL: THE STATE REPRESENTED
STANNING THAT SHIP
CHUCK D, TIMES 3
DIET HARD WITH A VENGEANCE
LET'S GO BACK IN TIME MACHINE MOVIES
WORDS DERIVED FROM BODY PARTS
    $200 24
Louisiana

Lauryl
    $200 19
Old Ironsides

Pete
    $200 6
A Christmas Carol

Lauryl
    $200 14
spinach

Pete
    $200 1
Austin Powers

Halley
    $200 11
the heart

Lauryl
    $400 29
Ethan Allen

Halley
    $400 20
the Enterprise

Pete
    $400 7
the Beagle

Lauryl
    $400 15
(chili) peppers

Pete
    $400 2
Hot Tub Time Machine

Pete
    $400 12
(eye)brows

Lauryl
    $600 30
Hawaii

Triple Stumper
    $600 21
(Pete: What is... the...)
(Mayim: Too much time.)
(Pete: Illinois?)

the Iowa

PeteHalley
    $600 8
(Halley: What is the Funky Bunch?)

Public Enemy

PeteHalley
    $600 16
tuna

Lauryl
    $600 3
Jack the Ripper

Halley
    $1,200 13
a glossary

Lauryl
    $800 25
Will Rogers

Triple Stumper
    $800 27
Plymouth

Triple Stumper
    $800 9
survival of the fittest

Pete
    $800 22
the thyroid

Pete
    $800 4
Bill & Ted

Halley
    $800 17
carnal

Lauryl
    $1000 26
Alabama

Lauryl
    $1000 28
the Clermont

Triple Stumper
    $1000 10
the United States

Triple Stumper
    $1000 23
(Lauryl: What is cruciform?)

cruciferous

LaurylHalley
    $1000 5
Galaxy Quest

Pete
    $1000 18
hypochondriac

Halley

Scores at the first commercial break (after clue 15):

Pete Lauryl Halley
$3,400 $2,400 $1,000

Scores at the end of the Jeopardy! Round:

Pete Lauryl Halley
$4,200 $4,000 $4,000

Double Jeopardy! Round responses

LITERARY TITLE CHARACTERS
SCIENCE-PODGE
MUNICIPAL MUSIC
IN THE DICTIONARY
-OLA
HE WAS A SHOGUN
    $400 1
[Halley selected the first clue.]

Dorian Gray

Lauryl
    $400 29
Saturn

Lauryl
    $400 26
(Mayim: Yes, less than a minute.)

Beverly Hills

Lauryl
    $400 19
an exponent

Lauryl
    $400 30
granola

Lauryl
    $400 3
a telescope

Pete
    $800 11
Lolita

Halley
    $800 28
gills

Pete
    $800 16
Havana

Pete
    $800 20
an avalanche

Triple Stumper
    $800 9
viola

Halley
    $800 4
(Lauryl: What is horse?)

dog

Lauryl
Triple Stumper
    $1200 12
[Mayim corrects Halley's one-syllable response to two syllables to rhyme with "nova".]

Ove

Halley
    $1200 27
histamine

Lauryl
    $1200 15
Miami

Halley
    $1200 21
a muff

Lauryl
    $1200 8
Abishola

Triple Stumper
    $1200 5
(Pete: What is kabuki?)

noh

PeteLauryl
    $1600 13
Lady Chatterley's Lover

Lauryl
    $2,000 17
the Cro-Magnons

Pete
    $1600 14
Paris

Triple Stumper
    $1600 22
catharsis

Lauryl
    $3,000 6
(Lauryl: [Shakes head])

payola

Lauryl
    $1600 2
Kyoto

Pete
    $2000 10
Ethan Frome

Triple Stumper
    $2000 24
viscosity

Halley
    $2000 25
Budapest

Halley
    $2000 23
precipitate

Triple Stumper
    $2000 7
Shinola

Halley
    $2000 18
the barbarians

Lauryl

Scores at the end of the Double Jeopardy! Round:

Pete Lauryl Halley
$8,600 $11,000 $14,000

[wagering suggestions for these scores]

Final Jeopardy! Round responses

TELEVISION HISTORY
(Mayim: The educational program teaching about letters, numbers, values like friendship...)
PeteWhat is Dick Tracy
$8,000
LaurylWhat is Ge
$6,201
HalleyWhat is l
$8,001
Sesame Street

Final scores:

Pete Lauryl Halley
$600 $4,799 $5,999
3rd place: $1,000 2nd place: $2,000 New champion: $5,999

Game dynamics:

Coryat scores:

Pete Lauryl Halley
$8,200 $13,400 $14,000
14 R
(including 1 DD),
2 W
20 R
(including 1 DD),
3 W
(including 1 DD)
14 R,
1 W

Combined Coryat: $35,600

[game clues] [game scores] [suggest correction]

Game tape date: 2022-04-29
The J! Archive is created by fans, for fans. Scraping, republication, monetization, and malicious use prohibited; this site may use cookies and collect identifying information. See terms. The Jeopardy! game show and all elements thereof, including but not limited to copyright and trademark thereto, are the property of Jeopardy Productions, Inc. and are protected under law. This website is not affiliated with, sponsored by, or operated by Jeopardy Productions, Inc. Join the discussion at JBoard.tv.